|
|
|
|
| LEADER |
00000nas a2200000 a 4500 |
| 001 |
ssj0000514636 |
| 003 |
WaSeSS |
| 005 |
20200512172242.0 |
| 006 |
m d |
| 007 |
cr n |
| 008 |
100901c20119999mdutr p s 0 a0eng |
| 010 |
|
|
|a 2010207887
|
| 016 |
7 |
|
|a 2632728-4
|2 DE-600
|
| 022 |
|
|
|a 2157-1740
|l 2157-1740
|y 2157-1732
|
| 035 |
|
|
|a (WaSeSS)ssj0000514636
|
| 037 |
|
|
|b Johns Hopkins University Press, 2715 N. Charles St., Baltimore, Md. 21218-4363
|
| 040 |
|
|
|a DLC
|b eng
|c DLC
|d DLC
|d BUF
|d HEBIS
|d DLC
|d OCLCQ
|d TXA
|d OCLCF
|d CHVBK
|d OCLCO
|d OCLCQ
|d EUW
|d OCLCO
|d OCLCQ
|d OCLCO
|d KSU
|d OCLCO
|d UAB
|d Z5A
|d OCLCO
|d HUL
|d OCLCQ
|d OCLCO
|d AU@
|d OCLCO
|d VT2
|d U3W
|d WaSeSS
|
| 042 |
|
|
|a pcc
|a nsdp
|
| 050 |
|
4 |
|a QH332
|b .N364
|
| 082 |
1 |
0 |
|a 174
|2 14
|
| 130 |
0 |
|
|a Narrative inquiry in bioethics (Online)
|
| 210 |
0 |
|
|a Narrat. inq. bioeth.
|b (Online)
|
| 222 |
|
0 |
|a Narrative inquiry in bioethics
|b (Online)
|
| 245 |
1 |
0 |
|a Narrative inquiry in bioethics
|h [electronic resource].
|
| 246 |
1 |
|
|a NIB
|
| 260 |
|
|
|a Baltimore, Md. :
|b Johns Hopkins University Press,
|c ©2011-
|
| 310 |
|
|
|a Three times a year
|
| 362 |
1 |
|
|a Began with: Vol. 1, no. 1 (spring 2011).
|
| 506 |
|
|
|a License restrictions may limit access.
|
| 588 |
|
|
|a Description based on: Vol. 1, no. 1 (spring 2011); title from PDF article running title (Project Muse, viewed Oct. 17, 2011).
|
| 588 |
|
|
|a Latest issue consulted: Vol. 3, no. 2 (fall 2013) (Project Muse, viewed Nov. 4, 2013).
|
| 650 |
|
0 |
|a Bioethics
|v Periodicals.
|
| 650 |
|
7 |
|a Bioethics.
|2 fast
|0 (OCoLC)fst00832038
|
| 650 |
|
2 |
|a Bioethics
|z Periodicals.
|
| 650 |
|
2 |
|a Bioethics
|z Case Reports.
|
| 650 |
|
2 |
|a Bioethical Issues
|v Periodicals.
|
| 650 |
|
2 |
|a Patient Rights
|v Periodicals.
|
| 655 |
|
0 |
|a Electronic journals.
|
| 776 |
0 |
8 |
|i Print version:
|t Narrative inquiry in bioethics
|x 2157-1732
|w (DLC) 2010207888
|w (OCoLC)660054516
|
| 856 |
4 |
0 |
|z Full text available from Research Library: 04/01/2011 to 1 year ago
|u https://search.proquest.com/publication/2026522
|